00372nam a2200133Ia 4500008004100000100002700041245005500068250001500123260005500138260001100193300000800204365000700212999001900219151001s9999||||xx |||||||||||||| ||und|| athe Stafe Prepared by aPolicies and operation of the world Bank  a1  binternational school of Dravidiam  c1963  a109 b21 c964386d964383